00852nam a2200205 a 450000100100000000500170001000800410002704000250006808200150009324501290010826000310023730000200026849000370028850400300032550000730035570000420042883000460047095201130051699900170062900004385420201002045016.0140507s1972 sp 000 0 spa d aDO-SdBNPbspacBNPHU axxxxbxxxx00aEl Censor :b(1781-1787) /cintroducción de José F. Montesinos ; edición, prólogo y notas de E. García Pandavenes. aBarcelona :bLabor,c1972. a324 p ;c18 cm.1 aTextos hispánicos modernosv19 aBibliografía : p. 57-59 aIncluye referencias bibliográficas y notas al pie de las páginas12aGarcía Pandavenes, Elsaeed.971719 0aTextos hispánicos modernos ;n19971720 001050718MOaGRbGRcCTd2014-05-07iLF1l0oxxxx xxxxp43854-10r2020-06-25w2020-06-25y1ZNo se presta c43343d43343